000
00294nam a2200109Ia 4500
008
200302s9999 xx 000 0 und d
100
_a
C. H. Christians & Others
245
_a
Dynamism and Development in Rural and Urban Fringe
260
_b
Star Distributors
260
_c
1989
300
_a
190 P.,
999
_c
5658
_d
5658